Günəş sistemi - Statistics

General Stats
  • This quiz has been taken 19 times
  • The average score is 8 of 35
Answers on the Map
Answers color-coded by a green-red scale on the quiz's map according to % correct below.
 
Answer Stats
Növ Orta radius (km) Cavab % Correct
Təbii peyk 1,737.5 Ay
91%
Planet 3,389.5 Mars
82%
Planet 58,232 Saturn
82%
Planet 6,371.0 Yer
82%
Planet 69,911 Yupiter
82%
Ulduz 695,508 Günəş
73%
Planet 24,622 Neptun
73%
Planet 25,362 Uran
73%
Planet 6,051.8 Venera
64%
Planet 2,439.4 Merkuri
45%
Kiçik planet 1,188.3 Pluton
45%
Kiçik planet 715 Makemake
9%
Plutino ~455 Ork
9%
Kubevano ~423 Salasiya
9%
Təbii peyk 2,574.7 Titan
9%
Təbii peyk 584.7 Ambriel
0%
Təbii peyk 578.9 Ariel
0%
Təbii peyk 1,560.8 Avropa
0%
Təbii peyk 561.7 Diona
0%
Kiçik planet 1,163 Erida
0%
Kiçik planet 798 (ellipsoid) Haumea
0%
Təbii peyk 1,821.6 İo
0%
Təbii peyk 2,410.3 Kallisto
0%
Kubevano 543 Kvavar
0%
Təbii peyk 761.4 Oberon
0%
Təbii peyk 2,634.1 Qanimed
0%
Kiçik planet ~615 Qun-qun
0%
Təbii peyk 763.8 Reya
0%
Sednoid ~453 Sedna
0%
Kiçik planet 469.7 Serera
0%
Təbii peyk 533.0 Tefida
0%
Təbii peyk 788.9 Titaniya
0%
Təbii peyk 1,353.4 Triton
0%
Təbii peyk 606.0 Xaron
0%
Təbii peyk 735.6 Yapet
0%
No matching quizzes found
Score Distribution
Percent of People with Each Score
Percentile by Number Answered
Your Score History
You have not taken this quiz